[Event "Omsk-ch"]
[Site "Omsk"]
[Date "2015.02.21"]
[Round "6"]
[White "Breit, Nikolai"]
[Black "Pisarev, Konstantin"]
[Result "0-1"]
[WhiteElo "1975"]
[BlackElo "1983"]
[PlyCount "64"]
[EventDate "2015.02.16"]
[EventType "swiss"]
[EventRounds "9"]
[EventCountry "RUS"]
[SourceTitle "CBM 165 Extra"]
[Source "ChessBase"]
[SourceDate "2015.04.21"]
[SourceVersion "1"]
[SourceVersionDate "2015.04.21"]
[SourceQuality "1"]

1. c4 e5 2. Nc3 Nc6 3. g3 f5 4. Bg2 Nf6 5. d3 Bb4 6. a3 Bxc3+ 7. bxc3 d6 8. Rb1 Qe7 9. e3 0-0 10. Ne2 e4 11. d4 b6 12. Bf1 Bd7 13. h4 Na5 14. Nf4 Qf7 15. Qe2 Bc8 16. c5 dxc5 17. dxc5 Ng4 18. cxb6 axb6 19. Qb5 Rd8 20. Qb4 Ne5 21. Be2 Ba6 22. 0-0 Bxe2 23. Nxe2 Nac4 24. Qb3 c5 25. Ra1 Rd6 26. Kh1 Qh5 27. Nf4 Qf3+ 28. Ng2 Kh8 29. Ra2 Rad8 30. Qa4 Rd1 31. Rxd1 Rxd1+ 32. Kh2 Ng4+ 0-1

[Event "Omsk op 02"]
[Site "Omsk"]
[Date "2014.02.12"]
[Round "7"]
[White "Breit, Nikolai"]
[Black "Kislova, Valentina"]
[Result "1-0"]
[WhiteElo "1951"]
[BlackElo "2010"]
[PlyCount "51"]
[EventDate "2014.02.03"]
[EventType "swiss"]
[EventRounds "9"]
[EventCountry "RUS"]
[SourceTitle "EXT 2016"]
[Source "ChessBase"]
[SourceDate "2015.10.08"]
[SourceVersion "1"]
[SourceVersionDate "2015.10.08"]
[SourceQuality "1"]

1. e4 e6 2. Qe2 c5 3. Nf3 Nc6 4. g3 g6 5. Bg2 Bg7 6. 0-0 Nge7 7. c3 0-0 8. Re1 d5 9. exd5 exd5 10. d4 cxd4 11. Nxd4 Nxd4 12. cxd4 Nf5 13. Be3 Re8 14. Qf3 Qb6 15. Nc3 Be6 16. Nxd5 Bxd5 17. Qxd5 Nxe3 18. fxe3 Rxe3 19. Qxb7 Qxb7 20. Bxb7 Rb8 21. Bd5 Rxb2 22. Rab1 Rxb1 23. Rxb1 Bxd4 24. Kh1 Re7 25. Rd1 Bb6 26. Bb3 1-0

[Event "Omsk op 02"]
[Site "Omsk"]
[Date "2014.02.11"]
[Round "6"]
[White "Strizhachenko, Yuri"]
[Black "Breit, Nikolai"]
[Result "1-0"]
[WhiteElo "2140"]
[BlackElo "1951"]
[PlyCount "71"]
[EventDate "2014.02.03"]
[EventType "swiss"]
[EventRounds "9"]
[EventCountry "RUS"]
[SourceTitle "EXT 2016"]
[Source "ChessBase"]
[SourceDate "2015.10.08"]
[SourceVersion "1"]
[SourceVersionDate "2015.10.08"]
[SourceQuality "1"]

1. d4 e6 2. c4 c5 3. d5 Nf6 4. Nc3 e5 5. e4 d6 6. Nf3 Bg4 7. Be2 Be7 8. 0-0 0-0 9. Be3 Nbd7 10. a3 Nb6 11. Nd2 Bxe2 12. Qxe2 Qd7 13. b4 cxb4 14. axb4 Qg4 15. Qxg4 Nxg4 16. Bxb6 axb6 17. Nb5 Nf6 18. Na7 h6 19. Ra3 Kh7 20. Rfa1 Nd7 21. Nb5 Rxa3 22. Rxa3 g6 23. Ra7 Rb8 24. Nc7 Kg7 25. Kf1 Kf8 26. Ke2 Bg5 27. f3 Ke7 28. Nb3 Kd8 29. Nb5 Ke7 30. Kd3 f5 31. Nc3 Nf6 32. c5 bxc5 33. bxc5 Nd7 34. c6 Nc5+ 35. Nxc5 dxc5 36. Rxb7+ 1-0

[Event "Omsk op 12"]
[Site "Omsk"]
[Date "2013.12.04"]
[Round "3"]
[White "Breit, Nikolai"]
[Black "Afonin, Gennadi"]
[Result "1/2-1/2"]
[WhiteElo "1971"]
[BlackElo "2017"]
[PlyCount "35"]
[EventDate "2013.12.01"]
[EventType "swiss"]
[EventRounds "9"]
[EventCountry "RUS"]
[SourceTitle "EXT 2016"]
[Source "ChessBase"]
[SourceDate "2015.10.08"]
[SourceVersion "1"]
[SourceVersionDate "2015.10.08"]
[SourceQuality "1"]

1. c4 e6 2. Nf3 d5 3. e3 Nf6 4. b3 Be7 5. Bb2 0-0 6. Nc3 c5 7. d3 Nc6 8. Be2 b6 9. 0-0 Bb7 10. cxd5 Nxd5 11. Nxd5 exd5 12. Rc1 Re8 13. Qd2 Bf6 14. Bxf6 Qxf6 15. d4 cxd4 16. Nxd4 Nxd4 17. exd4 Qe6 18. Bf3 1/2-1/2

[Event "Omsk op"]
[Site "Omsk"]
[Date "2012.02.04"]
[Round "4"]
[White "Chagasov, Oleg"]
[Black "Breit, Nikolai"]
[Result "1/2-1/2"]
[WhiteElo "1882"]
[BlackElo "1996"]
[PlyCount "78"]
[EventDate "2012.01.29"]
[EventType "swiss"]
[EventRounds "9"]
[EventCountry "RUS"]
[SourceTitle "EXT 2022"]
[Source "ChessBase"]
[SourceDate "2021.10.06"]
[SourceVersion "1"]
[SourceVersionDate "2021.10.06"]
[SourceQuality "1"]

1. d4 Nf6 2. Nf3 b6 3. Nc3 Bb7 4. d5 c6 5. e4 cxd5 6. exd5 g6 7. Bc4 d6 8. Bg5 Bg7 9. 0-0 0-0 10. Qd2 Re8 11. Rad1 Nbd7 12. Rfe1 a6 13. a4 Rc8 14. Qe2 Ra8 15. Rd3 Kf8 16. Re3 h6 17. Bh4 Ng8 18. h3 Ne5 19. Nxe5 Bxe5 20. Rxe5 dxe5 21. Qxe5 g5 22. Bg3 Rc8 23. Bb3 Rc5 24. Qd4 f6 25. Rd1 Kg7 26. Ne4 Rc8 27. h4 e5 28. Qb4 a5 29. Qa3 Rf8 30. Nd6 Rc7 31. Nb5 Rd7 32. d6 Bc6 33. Be6 Rb7 34. Qc3 Bxb5 35. axb5 Re7 36. Bb3 Rd7 37. Bxg8 Rxg8 38. Qc6 Re8 39. hxg5 hxg5 1/2-1/2

[Event "Omsk CC-ch sf"]
[Site "Omsk"]
[Date "2010.08.12"]
[Round "7"]
[White "Breit, Nikolai"]
[Black "Pozdniakov, Vladimir"]
[Result "0-1"]
[WhiteElo "1993"]
[BlackElo "2182"]
[PlyCount "20"]
[EventDate "2010.08.01"]
[EventType "swiss"]
[EventRounds "9"]
[EventCountry "RUS"]
[SourceTitle "EXT 2012"]
[Source "ChessBase"]
[SourceDate "2011.11.24"]
[SourceVersion "1"]
[SourceVersionDate "2011.11.24"]
[SourceQuality "1"]

1. b3 e5 2. Bb2 Nc6 3. g3 Nf6 4. Bg2 Bc5 5. Nc3 a6 6. e3 d6 7. Nge2 0-0 8. d4 exd4 9. exd4 Ba7 10. Qd2 Qe7 0-1

[Event "Omsk CC-ch sf"]
[Site "Omsk"]
[Date "2010.08.08"]
[Round "5"]
[White "Popov, Gennady"]
[Black "Breit, Nikolai"]
[Result "0-1"]
[WhiteElo "2199"]
[BlackElo "1993"]
[PlyCount "54"]
[EventDate "2010.08.01"]
[EventType "swiss"]
[EventRounds "9"]
[EventCountry "RUS"]
[SourceTitle "EXT 2012"]
[Source "ChessBase"]
[SourceDate "2011.11.24"]
[SourceVersion "1"]
[SourceVersionDate "2011.11.24"]
[SourceQuality "1"]

1. f4 c5 2. Nf3 Nc6 3. e3 d5 4. Be2 e6 5. c3 Nf6 6. b3 d4 7. Qc2 dxe3 8. dxe3 Be7 9. 0-0 Qc7 10. Na3 a6 11. Nc4 b5 12. Nce5 Bb7 13. Nxf7 Kxf7 14. Ng5+ Kg8 15. Nxe6 Qd6 16. Ng5 Nd8 17. Rd1 Qb6 18. c4 h6 19. Nh3 Be4 20. Qc3 Qb7 21. Qe1 Bxg2 22. Qg3 Be4 23. Ba3 Nd7 24. Nf2 Bc6 25. Rd2 h5 26. h4 Rh6 27. Kh2 Nf6 0-1

[Event "Omsk CC-ch sf"]
[Site "Omsk"]
[Date "2010.08.03"]
[Round "2"]
[White "Breit, Nikolai"]
[Black "Abdulmanov, Marat"]
[Result "1-0"]
[WhiteElo "1993"]
[BlackElo "2080"]
[PlyCount "59"]
[EventDate "2010.08.01"]
[EventType "swiss"]
[EventRounds "9"]
[EventCountry "RUS"]
[SourceTitle "EXT 2012"]
[Source "ChessBase"]
[SourceDate "2011.11.24"]
[SourceVersion "1"]
[SourceVersionDate "2011.11.24"]
[SourceQuality "1"]

1. c4 e6 2. Nc3 d5 3. e3 Nf6 4. Nf3 Be7 5. b3 c5 6. Bb2 Nc6 7. cxd5 exd5 8. d4 0-0 9. Be2 Bf5 10. dxc5 Bxc5 11. 0-0 a6 12. Na4 Be7 13. Nd4 Nxd4 14. Bxd4 Rc8 15. Rc1 Qa5 16. Bf3 Rxc1 17. Qxc1 Rc8 18. Qa1 Rc2 19. Bc3 Qc7 20. Bd1 b5 21. Bxc2 Bxc2 22. Be5 Qa5 23. Qc3 Qxc3 24. Nxc3 Nd7 25. Nxd5 Ba3 26. Bd4 f5 27. Nc7 Nb8 28. f3 Kf7 29. Rf2 Bb1 30. Kf1 1-0

[Event "Omsk-ch"]
[Site "Omsk"]
[Date "2010.03.10"]
[Round "11"]
[White "Krivoshapko, Alexander"]
[Black "Breit, Nikolai"]
[Result "0-1"]
[WhiteElo "2056"]
[BlackElo "1993"]
[PlyCount "56"]
[EventDate "2010.02.20"]
[EventType "swiss"]
[EventRounds "11"]
[EventCountry "RUS"]
[SourceTitle "CBM 135 Extra"]
[Source "ChessBase"]
[SourceDate "2010.05.04"]
[SourceVersion "1"]
[SourceVersionDate "2010.05.04"]
[SourceQuality "1"]

1. b4 e5 2. a3 d5 3. Bb2 Nd7 4. e3 Ngf6 5. c4 c6 6. d4 Bd6 7. Nf3 e4 8. Nfd2 0-0 9. Nc3 b6 10. b5 Bb7 11. bxc6 Bxc6 12. cxd5 Nxd5 13. Ncxe4 Nxe3 14. Qb3 Nxf1 15. Kxf1 Bf4 16. d5 Bb7 17. Nf3 Rc8 18. g3 Bh6 19. Rd1 Nc5 20. Nxc5 Rxc5 21. d6 Qa8 22. Kg2 Rf5 23. Rd3 Be4 24. Rhd1 Bxd3 25. Rxd3 Bg5 26. Kg1 Bf6 27. Bxf6 gxf6 28. d7 Rd8 0-1

[Event "Omsk-ch"]
[Site "Omsk"]
[Date "2010.03.06"]
[Round "9"]
[White "Breit, Nikolai"]
[Black "Sadovnichuk, Sergey"]
[Result "1-0"]
[WhiteElo "1993"]
[BlackElo "2193"]
[PlyCount "55"]
[EventDate "2010.02.20"]
[EventType "swiss"]
[EventRounds "11"]
[EventCountry "RUS"]
[SourceTitle "CBM 135 Extra"]
[Source "ChessBase"]
[SourceDate "2010.05.04"]
[SourceVersion "1"]
[SourceVersionDate "2010.05.04"]
[SourceQuality "1"]

1. c4 e5 2. Nc3 Nf6 3. d3 d5 4. cxd5 Nxd5 5. g3 Bb4 6. Bd2 Nc6 7. Bg2 Be6 8. a3 Be7 9. Nf3 0-0 10. 0-0 Kh8 11. b4 a6 12. Rc1 f5 13. Na4 Bg8 14. Nc5 b6 15. Ne6 Bxe6 16. Rxc6 Bd6 17. Qa1 e4 18. Nd4 Bd7 19. dxe4 fxe4 20. Rxd6 cxd6 21. Bxe4 Nf6 22. Bxa8 Qxa8 23. f3 Bh3 24. Rc1 Qd5 25. Rc7 Re8 26. Qc3 Ne4 27. fxe4 Qxe4 28. Nf3 1-0

[Event "Omsk-ch"]
[Site "Omsk"]
[Date "2010.02.25"]
[Round "4"]
[White "Breit, Nikolai"]
[Black "Toder, Denis"]
[Result "0-1"]
[WhiteElo "1993"]
[BlackElo "2198"]
[PlyCount "62"]
[EventDate "2010.02.20"]
[EventType "swiss"]
[EventRounds "11"]
[EventCountry "RUS"]
[SourceTitle "CBM 135 Extra"]
[Source "ChessBase"]
[SourceDate "2010.05.04"]
[SourceVersion "1"]
[SourceVersionDate "2010.05.04"]
[SourceQuality "1"]

1. c4 c5 2. g3 Nf6 3. Bg2 e6 4. Nc3 Be7 5. d3 0-0 6. Nh3 Nc6 7. e4 d5 8. 0-0 dxc4 9. dxc4 Qb6 10. Qb3 Qxb3 11. axb3 Nd4 12. Ra3 Nd7 13. Nf4 Ne5 14. Rd1 Rd8 15. Kf1 Bd7 16. Be3 Nc2 17. Ra2 Nxe3+ 18. fxe3 a6 19. Kg1 Bc6 20. Raa1 g5 21. Nh3 Rxd1+ 22. Rxd1 b5 23. cxb5 axb5 24. Nf2 b4 25. Nb1 Ra2 26. Rd2 c4 27. Rc2 cxb3 28. Re2 Bb5 29. Re1 Rxb2 30. Rd1 Be2 31. Rc1 Nd3 0-1

[Event "Omsk Half CC-ch sf"]
[Site "Omsk"]
[Date "2009.06.11"]
[Round "4"]
[White "Breit, Nikolai"]
[Black "Toder, Alexander"]
[Result "1-0"]
[WhiteElo "2017"]
[BlackElo "1989"]
[PlyCount "43"]
[EventDate "2009.06.05"]
[EventType "swiss"]
[EventRounds "9"]
[EventCountry "RUS"]
[SourceTitle "EXT 2021"]
[Source "ChessBase"]
[SourceDate "2020.10.23"]
[SourceVersion "1"]
[SourceVersionDate "2020.10.23"]
[SourceQuality "1"]

1. d4 Nf6 2. Nf3 g6 3. Bf4 Bg7 4. e3 d6 5. h3 0-0 6. Bc4 Nbd7 7. Nbd2 c5 8. c3 Rb8 9. a4 a6 10. Qb3 b5 11. axb5 axb5 12. Be2 b4 13. c4 cxd4 14. exd4 Nh5 15. Bh2 e5 16. 0-0 Nf4 17. Bxf4 exf4 18. Qc2 f5 19. Nb3 Nf6 20. Na5 Qc7 21. Qb3 Ne4 22. c5+ 1-0

[Event "Omsk Half CC-ch"]
[Site "Omsk"]
[Date "2009.??.??"]
[Round "2"]
[White "Breit, Nikolai"]
[Black "Artemiev, Vladislav"]
[Result "0-1"]
[WhiteElo "2017"]
[BlackElo "2081"]
[PlyCount "90"]
[EventDate "2009.??.??"]
[EventType "swiss"]
[EventRounds "9"]
[EventCountry "RUS"]
[SourceTitle "EXT 2011"]
[Source "ChessBase"]
[SourceDate "2010.11.26"]
[SourceVersion "1"]
[SourceVersionDate "2010.11.26"]
[SourceQuality "1"]

1. c4 e5 2. Nc3 Nc6 3. g3 f5 4. d3 Bb4 5. Bg2 Bxc3+ 6. bxc3 Nf6 7. e3 0-0 8. Ne2 d6 9. d4 Qe8 10. Qb3 Qf7 11. c5 d5 12. Bd2 Na5 13. Qc2 Nc4 14. Bc1 b6 15. 0-0 e4 16. cxb6 cxb6 17. Rb1 Ba6 18. Qa4 Na5 19. Re1 Rfc8 20. Bd2 Bd3 21. Rb4 Nc4 22. Qd1 Qh5 23. Nf4 Qxd1 24. Rxd1 a5 25. Nxd3 axb4 26. Nxb4 Nxd2 27. Rxd2 Rxc3 28. Bf1 Kf7 29. Kg2 g5 30. Rd1 f4 31. exf4 gxf4 32. Bb5 Ke6 33. Re1 Kd6 34. Kh3 Rg8 35. Be2 Rg6 36. Bd1 f3 37. Kh4 Ke6 38. g4 Nxg4 39. Bb3 Nf6 40. h3 e3 41. Bc2 Ne4 42. Bxe4 dxe4 43. fxe3 f2 44. Rf1 Rg2 45. d5+ Kd6 0-1

[Event "Omsk Half CC-ch"]
[Site "Omsk"]
[Date "2009.??.??"]
[Round "3"]
[White "Feofanov, Alexander"]
[Black "Breit, Nikolai"]
[Result "0-1"]
[WhiteElo "1788"]
[BlackElo "2017"]
[PlyCount "56"]
[EventDate "2009.??.??"]
[EventType "swiss"]
[EventRounds "9"]
[EventCountry "RUS"]
[SourceTitle "EXT 2011"]
[Source "ChessBase"]
[SourceDate "2010.11.26"]
[SourceVersion "1"]
[SourceVersionDate "2010.11.26"]
[SourceQuality "1"]

1. b4 e5 2. Bb2 f6 3. e4 Nc6 4. b5 Nce7 5. f4 exf4 6. Bc4 Nh6 7. Nh3 Ng6 8. 0-0 Qe7 9. Bb3 Qc5+ 10. Kh1 Qxb5 11. Nxf4 Nxf4 12. Rxf4 Qg5 13. Qf1 Be7 14. Nc3 c6 15. d4 d6 16. d5 Ng4 17. Re1 Qh6 18. h3 g5 19. Rf3 Ne5 20. dxc6 bxc6 21. Rfe3 g4 22. Ne2 Qxe3 23. Nd4 Qh6 24. Nf5 Bxf5 25. exf5 gxh3 26. gxh3 Rd8 27. Bxe5 fxe5 28. Qc4 d5 0-1

[Event "Omsk RT op"]
[Site "Omsk"]
[Date "2009.??.??"]
[Round "7"]
[White "Potseluev, Sergey"]
[Black "Breit, Nikolai"]
[Result "1-0"]
[WhiteElo "1996"]
[BlackElo "2017"]
[PlyCount "63"]
[EventDate "2009.??.??"]
[EventType "swiss"]
[EventRounds "9"]
[EventCountry "RUS"]
[SourceTitle "EXT 2011"]
[Source "ChessBase"]
[SourceDate "2010.11.26"]
[SourceVersion "1"]
[SourceVersionDate "2010.11.26"]
[SourceQuality "1"]

1. d4 Nf6 2. c4 e6 3. Nc3 d5 4. cxd5 exd5 5. Bg5 c6 6. e3 Bf5 7. Qf3 Bg6 8. Bxf6 gxf6 9. Nh3 Nd7 10. Qd1 Qb6 11. Qd2 Bd6 12. Rc1 Qd8 13. Bd3 f5 14. 0-0 Nf6 15. f3 Qb8 16. Nf4 0-0 17. Kh1 Re8 18. Rce1 Re7 19. Nce2 Qc7 20. Ng3 Rxe3 21. Qxe3 Bxf4 22. Qf2 Bxg3 23. Qxg3 f4 24. Qg5 Kg7 25. Bb1 Qb6 26. Qxf4 Qxb2 27. g4 Rf8 28. h4 Ng8 29. h5 Bxb1 30. Rxb1 Qe2 31. Qg5+ Kh8 32. h6 1-0

[Event "Omsk op"]
[Site "Omsk"]
[Date "2008.11.30"]
[Round "4"]
[White "Breit, Nikolai"]
[Black "Dobronravov, Oleg"]
[Result "0-1"]
[WhiteElo "2008"]
[BlackElo "2110"]
[PlyCount "44"]
[EventDate "2008.11.23"]
[EventType "swiss"]
[EventRounds "9"]
[EventCountry "RUS"]
[SourceTitle "CBM 127 Extra"]
[Source "ChessBase"]
[SourceDate "2009.01.08"]
[SourceVersion "2"]
[SourceVersionDate "2009.01.28"]
[SourceQuality "1"]

1. e4 c5 2. Nf3 d6 3. b3 Nf6 4. Nc3 g6 5. Bb2 Bg7 6. d3 0-0 7. Be2 Nc6 8. Qc1 e5 9. 0-0 Nh5 10. Nd5 Ne7 11. Nxe7+ Qxe7 12. Nd2 Nf4 13. Bf3 g5 14. Qd1 Qe6 15. Nc4 g4 16. Be2 Qg6 17. Ne3 h5 18. Bc1 Be6 19. c4 f5 20. f3 g3 21. h3 Qg5 22. Nd5 Qh4 0-1

[Event "Omsk op"]
[Site "Omsk"]
[Date "2008.07.12"]
[Round "7"]
[White "Ershov, Boris Y"]
[Black "Breit, Nikolai"]
[Result "0-1"]
[WhiteElo "1971"]
[BlackElo "2007"]
[PlyCount "32"]
[EventDate "2008.07.01"]
[EventType "swiss"]
[EventRounds "11"]
[EventCountry "RUS"]
[SourceTitle "EXT 2022"]
[Source "ChessBase"]
[SourceDate "2021.10.06"]
[SourceVersion "1"]
[SourceVersionDate "2021.10.06"]
[SourceQuality "1"]

1. d4 Nf6 2. Bf4 b6 3. Nf3 Bb7 4. e3 h6 5. h3 d6 6. Bd3 Nbd7 7. Nbd2 c5 8. c3 cxd4 9. cxd4 e5 10. dxe5 dxe5 11. Bxe5 Nxe5 12. Bb5+ Ned7 13. 0-0 Be7 14. Ne5 0-0 15. Nxd7 Nxd7 16. Nb3 Nf6 0-1

[Event "Omsk op"]
[Site "Omsk"]
[Date "2008.07.10"]
[Round "6"]
[White "Breit, Nikolai"]
[Black "Savostjanov, Igor"]
[Result "0-1"]
[WhiteElo "2007"]
[BlackElo "2067"]
[PlyCount "64"]
[EventDate "2008.07.01"]
[EventType "swiss"]
[EventRounds "11"]
[EventCountry "RUS"]
[SourceTitle "EXT 2022"]
[Source "ChessBase"]
[SourceDate "2021.10.06"]
[SourceVersion "1"]
[SourceVersionDate "2021.10.06"]
[SourceQuality "1"]

1. e4 d6 2. d4 Nf6 3. Nc3 e5 4. dxe5 dxe5 5. Qxd8+ Kxd8 6. Bg5 Be6 7. 0-0-0+ Nbd7 8. Nd5 Kc8 9. f3 c6 10. Nc3 Bb4 11. Nge2 Kc7 12. a3 Ba5 13. Be3 Bb6 14. Bd2 a5 15. Ng3 Bd4 16. Nf5 Bxf5 17. exf5 b5 18. a4 b4 19. Nb1 Nd5 20. Re1 f6 21. b3 N7b6 22. Bd3 c5 23. Bb5 Kd6 24. f4 Rac8 25. fxe5+ Bxe5 26. Re4 g6 27. g4 g5 28. h4 h6 29. hxg5 hxg5 30. Rhe1 Rcg8 31. Rd1 Rh3 32. Bf1 Rh2 0-1

[Event "Omsk op"]
[Site "Omsk"]
[Date "2008.07.06"]
[Round "4"]
[White "Adamson, Garry"]
[Black "Breit, Nikolai"]
[Result "0-1"]
[WhiteElo "2099"]
[BlackElo "2007"]
[PlyCount "54"]
[EventDate "2008.07.01"]
[EventType "swiss"]
[EventRounds "11"]
[EventCountry "RUS"]
[SourceTitle "EXT 2022"]
[Source "ChessBase"]
[SourceDate "2021.10.06"]
[SourceVersion "1"]
[SourceVersionDate "2021.10.06"]
[SourceQuality "1"]

1. d4 Nf6 2. c4 b6 3. Nc3 Bb7 4. f3 e6 5. e4 d5 6. e5 Nh5 7. Nh3 g6 8. Bg5 Qd7 9. g4 Ng7 10. Bf6 dxc4 11. Bxc4 h5 12. g5 Rg8 13. d5 exd5 14. Bxd5 c6 15. Be4 Ne6 16. Ne2 Bc5 17. Nhf4 Bb4+ 18. Kf1 Nc5 19. Bc2 Bd2 20. Kg2 Nba6 21. a3 Nc7 22. h4 N5e6 23. Nxe6 Nxe6 24. Be4 Nc5 25. Bc2 Ba6 26. Ng3 Ne6 27. Rh2 Bf4 0-1

[Event "Omsk op"]
[Site "Omsk"]
[Date "2008.07.03"]
[Round "2"]
[White "Breit, Nikolai"]
[Black "Ledovskih, Viktor"]
[Result "1-0"]
[WhiteElo "2007"]
[BlackElo "1522"]
[PlyCount "65"]
[EventDate "2008.07.01"]
[EventType "swiss"]
[EventRounds "11"]
[EventCountry "RUS"]
[SourceTitle "EXT 2022"]
[Source "ChessBase"]
[SourceDate "2021.10.06"]
[SourceVersion "1"]
[SourceVersionDate "2021.10.06"]
[SourceQuality "1"]

1. c4 c5 2. g3 Nc6 3. Bg2 e6 4. Nc3 Nf6 5. d3 d5 6. Bg5 d4 7. Ne4 Qa5+ 8. Bd2 Qd8 9. Nxf6+ Qxf6 10. Nf3 Qd8 11. a3 Be7 12. Rb1 Qc7 13. b4 Bd7 14. b5 Nd8 15. Qa4 0-0 16. 0-0 f6 17. e3 e5 18. exd4 cxd4 19. Ba5 Qc8 20. Nd2 Bc5 21. Ne4 Be7 22. Bb4 Bxb4 23. Qxb4 Nf7 24. Nc5 Rb8 25. Nxd7 Qxd7 26. c5 Qc7 27. Rfc1 Rfd8 28. b6 axb6 29. Qxb6 Qxb6 30. Rxb6 Ra8 31. Rb3 Rdb8 32. Bxb7 Ra7 33. Rcb1 1-0